000
00363nam a2200133Ia 4500
008
151001s9999||||xx |||||||||||||| ||und||
100
_a
N. N. Semenov
245
_a
Things to come
250
_a
1
260
_b
Mir pub
260
_c
1977
300
_a
271
365
_b
18
999
_c
962919
_d
962916